| 000 | 00675nam a2200205Ia 4500 | ||
|---|---|---|---|
| 003 | GCL | ||
| 008 | 140319s9999 xx 000 0 ara d | ||
| 040 |
_aGCL / _cGCL |
||
| 082 | 0 | 4 |
_a320.5 _bغ ب |
| 100 | 1 | _aغورباتشوف، م. س | |
| 245 | 1 | 0 |
_aبيريسترويكا : والتفكير الجديد لبلادنا والعلم أجمع . / _cغورباتشوف، م. س |
| 700 | 1 | _aمحمد احمد شومان | |
| 260 |
_a[S.N] : _bدار الفارابى ، _c1988 |
||
| 300 | _a375 ص | ||
| 490 | _a | ||
| 650 | 0 | 4 | _aالاتحاد السوفيتى |
| 650 | 0 | 4 | _aالاحوال الاقتصادية |
| 650 | 0 | 4 | _aبيروسترويكا |
| 942 |
_2ddc _cBK |
||
| 999 |
_c34465 _d34465 |
||